NFL: Top 25 Active Players: Yards per Catch - Statistics

General Stats
  • This quiz has been taken 24 times
    10 since last reset
  • The average score is 15 of 26
Answer Stats
# Player YPC % Correct
9 D.K. Metcalf 14.4
90%
2 George Pickens 16.0
90%
T7 Justin Jefferson 14.6
90%
3 A.J. Brown 15.3
80%
T17 D.J. Moore 13.5
80%
4 Mike Evans 15.1
80%
T10 Tee Higgins 14.0
80%
T10 Calvin Ridley 14.0
70%
T23 DeAndre Hopkins 13.2
70%
T17 George Kittle 13.5
70%
T17 Jaylen Waddle 13.5
70%
T5 Nico Collins 15.0
70%
T20 Puka Nacua 13.4
70%
T14 Tyreek Hill 13.9
70%
T7 Brandon Aiyuk 14.6
60%
16 Deebo Samuel 13.6
60%
T23 Zay Flowers 13.2
60%
T10 Courtland Sutton 14.0
50%
T10 Terry McLaurin 14.0
50%
T14 Jerry Jeudy 13.9
40%
T23 Allen Lazard 13.2
30%
T20 Brandin Cooks 13.4
30%
T5 Darius Slayton 15.0
10%
1 Marquez Valdes-Scantling 16.8
10%
T23 Josh Reynolds 13.2
0%
T20 Robbie Chosen 13.4
0%
No matching quizzes found
Score Distribution
Percent of People with Each Score
Percentile by Number Answered
Your Score History
You have not taken this quiz since the last reset